Movies Quiz

Random Movies or Oscar Quiz
Score 0/20 Timer 04:00
1 Play Today
H-A-R-M-less Titles Nominee % Correct
T _ E    G _ E E N    _ I L EThe Green Mile
95%
C _ S _ B L _ N C _Casablanca
94.9%
G _ N D _ IGandhi
93.1%
_ Y S T I C    _ I V E _Mystic River
89.7%
Z E _ O    D _ _ K    T _ I _ T YZero Dark Thirty
88.9%
_ _ I D E _ S    O F    T _ E    L O S T    _ _ KRaiders of the Lost Ark
88.1%
S T _ _    W _ _ SStar Wars
87.8%
K _ _ _ E _    V S.    K _ _ _ E _Kramer vs. Kramer
87.6%
J E _ _ Y    _ _ G U I _ EJerry Maguire
87%
_ _ G OArgo
86.7%
H-A-R-M-less Titles Nominee % Correct
C _ B _ _ E TCabaret
84.6%
T _ E    _ _ T I S TThe Artist
81.9%
T _ E    L _ S T    E _ P E _ O _The Last Emperor
81.6%
_ _ _ L E THamlet
79.2%
B _ _ V E _ E _ _ TBraveheart
68.7%
C _ _ S _Crash
64.7%
T _ E    _ P _ _ T _ E N T The Apartment
63.8%
_ _ I N   _ _ NRain Man
62.7%
T _ E    _ _ _ T I _ NThe Martian
62.4%
_ _ _ T YMarty
60.9%
Remove Ads.
Support Sporcle.
Get the best of Sporcle when you Go Orange. This ad-free experience offers more features, more stats, and more fun while also helping to support Sporcle. Thank you for becoming a member.

You're not logged in!

Compare scores with friends on all Sporcle quizzes.
OR
Log In

Sporcle TV

Today on Sporcle TV


Watch our educational content, quiz creation guides, and fun videos on Sporcle TV.

Show Comments

Extras

Top Quizzes Today


Score Distribution

Paid Content

Your Account Isn't Verified!

In order to create a playlist on Sporcle, you need to verify the email address you used during registration. Go to your Sporcle Settings to finish the process.

Report this User

Report this user for behavior that violates our Community Guidelines.

Details: